[Event "Linares 26th"]
[Site "Linares"]
[Date "2009.02.21"]
[Round "3"]
[White "Wang, Yue"]
[Black "Carlsen, Magnus"]
[Result "1/2-1/2"]
[WhiteElo "2739"]
[BlackElo "2776"]
[PlyCount "113"]
[EventDate "2009.02.19"]
[EventType "tourn"]
[EventRounds "14"]
[EventCountry "ESP"]
[EventCategory "21"]
[SourceTitle "CBM 129"]
[Source "ChessBase"]
[SourceDate "2009.03.25"]
[SourceVersion "1"]
[SourceVersionDate "2009.03.25"]
[SourceQuality "1"]

1. d4 {Kortschnoj,Viktor Lvovich} d5 2. c4 e6 3. Nf3 Nf6 4. Nc3 Be7 5. Bg5 h6 6. Bxf6 Bxf6 7. Qc2 ({RR} 7. g3 O-O 8. Qb3 Nc6 9. cxd5 Nxd4 10. Nxd4 Bxd4 11. Bg2 exd5 12. Nxd5 c6 13. Rd1 Qa5+ 14. Kf1 Bc5) ({RR} 7. Qd3 Nc6 8. O-O-O Nb4 9. Qb1 c5 10. e3 O-O 11. a3 cxd4 12. exd4 Bg5+ 13. Nxg5 Qxg5+ 14. Rd2 Nc6 15. h4 Qf4 16. g3 Qf6) ({RR} 7. Qb3 c6 8. O-O-O dxc4 9. Qxc4 b5 10. Qb3 a5 11. e4 a4 12. Qc2 Nd7) 7... dxc4 ({RR} 7... Nc6 8. Rd1 O-O 9. e4 ({RR} 9. e3) 9... dxe4 ({RR} 9... dxc4 10. e5 Nb4 11. Qe4 Be7 12. Bxc4 Bd7 13. a3 ({RR} 13. Qxb7 Bc6) ({RR} 13. d5 exd5 14. Nxd5 Nxd5 15. Bxd5 c6 16. Bb3 Qa5+) 13... Bc6 14. d5 exd5 ({RR} 14... Nxd5 15. Nxd5 Bxd5 16. Bxd5 exd5) 15. Nxd5 Nxd5 16. Bxd5 Bxd5 17. Rxd5 Qe8 18. O-O c6 19. Rd3 Rd8 20. Rfd1 Rxd3 21. Rxd3 ({RR} 21. Qxd3 Qc8 22. Qd7 Qxd7 23. Rxd7 Rd8)) 10. Qxe4 g6 11. Ne5 ({RR} 11. h4 Bg7 12. g3 Qd6 ({RR} 12... f5 13. Qe3 Nb4 14. Rd2 c5 15. dxc5 Qa5 16. a3 Na6 17. Nb5 f4 18. gxf4 Bxb2 19. Rg1 Rf6 ({RR} 19... Bc1 20. Rxg6+ Kf7 21. Bd3) 20. Ke2)) 11... Ne7 12. f4 c5 ({RR} 12... Qd6) 13. dxc5 Qa5 14. Qe3 Nf5 15. Qf2 b6) ({RR} 7... c6 8. e4 dxe4 ({RR} 8... O-O 9. e5 Be7 10. Rd1 b6 11. Be2 ({RR} 11. cxd5 cxd5 12. Bd3 Ba6) ({RR} 11. b3 Bb7 12. Bd3 Na6) 11... dxc4 12. Bxc4 Ba6 13. Bxa6 Nxa6 14. Qe4 Nb4 15. O-O) 9. Qxe4 c5 10. O-O-O Nc6 ({RR} 10... cxd4 11. Nxd4 Nd7 12. Be2 ({RR} 12. h4) 12... O-O 13. h4) 11. d5 Nd4 12. Nxd4 ({RR} 12. dxe6 Bxe6 13. Qxb7 O-O 14. Ne4 Rb8 15. Qa6 Qe7) 12... cxd4 13. Nb5 O-O 14. Bd3 g6) 8. e3 ({RR} 8. O-O-O a6 9. e4 b5 10. e5 Bg5+ 11. Kb1 Bb7 12. h4 Be7 13. Rh3 O-O ({RR} 13... Nc6) 14. Ne4 Nc6 ({RR} 14... Qd5 15. Neg5 hxg5 16. Nxg5 Bxg5 17. hxg5 Qe4) 15. a3 ({RR} 15. Neg5 hxg5 16. Nxg5 Bxg5 17. hxg5 g6 18. Bxc4 Kg7 19. Rdh1 Rg8) 15... b4 16. Bxc4 bxa3 17. Neg5 Bxg5 18. Nxg5 hxg5 19. hxg5 Re8 20. Rdh1 Kf8 21. Bxa6 ({RR} 21. Qb3 Ke7 22. Rd1 ({RR} 22. Qxb7) 22... a5 ({RR} 22... Rb8)) 21... Qxd4 22. Bxb7 Reb8 {RR} 23. Rxa3 Rxa3 24. Rh8+ Ke7 25. Rxb8 Qb4 26. Ra8 Qe1+ 27. Qc1 Qe4+ 28. Qc2 Qe1+) 8... c5 9. dxc5 Qa5 10. Bxc4 ({RR} 10. Nd2 Nd7) 10... Qxc5 11. Ne4 Qa5+ 12. Ke2 ({RR} 12. Nfd2 Be7 ({RR} 12... Nd7 13. Nxf6+ Nxf6 14. O-O O-O) 13. Bb5+ Nd7 14. Rc1 O-O 15. Bxd7 ({RR} 15. Qa4) 15... Bxd7 16. Qc7 Bb4) 12... Be7 13. Rhc1 $146 ({RR} 13. Rhd1 O-O ({RR} 13... O-O 14. Rac1 Nd7) 14. a3 Bd7 15. b4 Ba4 16. Bb3 Qb5+ 17. Ke1 Bxb3 18. Qxb3 a5 19. Nc3 Qb6 20. b5 a4 21. Qc4 Bf6 22. Rac1 Be7 23. Ke2 Bxa3 24. Ra1 Qc5 25. Qxc5 Bxc5 26. Rxa4 Rxa4 27. Nxa4 Be7 {Zhao,X (2549)-Mkrtchian,L (2449) Batumi 2012 1-0 (63)}) ({RR} 13. g4 Nd7 ({RR} 13... Bd7 14. Rad1 ({RR} 14. g5 hxg5 15. Rhg1 Bb5 16. Nexg5 Bxc4+ 17. Qxc4 Nc6 18. Rad1 Rd8) ({RR} 14. a3 Bc6 15. b4 Qb6 16. Ne5 ({RR} 16. Rhd1 a5) 16... Nd7 ({RR} 16... O-O 17. h4 a5 18. g5 axb4 19. gxh6 b3 20. Qb2 Bxe4 21. Nd7) 17. Nxc6 ({RR} 17. Nxf7 Bxe4 18. Qxe4 Kxf7) 17... Qxc6) 14... Bc6) 14. a3 Nf6 ({RR} 14... O-O 15. b4 ({RR} 15. g5 hxg5 16. Rag1 Qf5 17. Nfxg5 Ne5) ({RR} 15. h4 b5 16. Ba2 ({RR} 16. Nd4 Ne5 17. Bxb5 Ba6) 16... b4 17. axb4 Qxb4) 15... Qc7 16. Qb3 ({RR} 16. h4 b5 17. Bd3 Qxc2+ 18. Bxc2 a5) ({RR} 16. Rac1 a5 17. g5 hxg5 18. Nexg5 Nf6) 16... a5 17. Rac1 axb4 18. axb4 ({RR} 18. Bxe6 Qd8) 18... Qb6 19. g5 hxg5 20. Nexg5 Qxb4 ({RR} 20... Nf6 21. b5 Ra3 22. Qb1 Bd7) 21. Bxe6 Qxb3 22. Bxb3 b6 23. Rhd1 ({RR} 23. Rc7 Bd8) 23... Ba6+ 24. Bc4 Nc5 25. Bxa6 Rxa6 26. h4) 15. Ned2 ({RR} 15. b4 Qb6 16. Ne5 Bd7 ({RR} 16... Nd7 17. Qc3 Qc7 18. Nxf7) 17. Qd3 Bc6 ({RR} 17... Ba4 18. Nc3 Bc6 19. Bxe6 fxe6 20. Qg6+) 18. Nxc6 bxc6) ({RR} 15. Nxf6+ Bxf6 16. b4 Qb6 17. Rac1 Bd7 18. Rhd1 ({RR} 18. h4 Rc8 19. Nd2 ({RR} 19. g5 Rxc4) 19... Bb5) 18... Rc8) 15... Bd7 ({RR} 15... O-O 16. Nb3 ({RR} 16. Rhg1 b5 17. Bb3 Bb7) 16... Qc7) ({RR} 15... Nxg4 16. Rag1 ({RR} 16. Rhg1 Qh5) 16... Qh5 17. h3 Ne5 18. Rxg7 Bd7 19. Qc3 Nxc4 20. Nxc4 Bc6 21. Rg3 O-O-O 22. Qe5 Qxe5 23. Ncxe5 Bb5+ 24. Ke1 Rh7) 16. Rhg1 ({RR} 16. h3 Rc8 17. b4) 16... Rc8 ({RR} 16... Nd5) 17. Qb3 ({RR} 17. Qd3) ({RR} 17. g5 hxg5 18. Rxg5 b5 19. Qd3 Nd5 ({RR} 19... bxc4 20. Qxd7+ Nxd7 21. Rxa5 Rc7) 20. Rxd5 exd5 21. Qxd5 Be6 22. Qxb5+ ({RR} 22. Bxb5+ Kf8 23. Qb7 Bd6 24. Ng5 Rb8 25. Nxe6+ fxe6 26. Qf3+ Ke7) 22... Qxb5 23. Bxb5+ Kf8) 17... Qb6 ({RR} 17... Ne4 18. Rac1 ({RR} 18. Nxe4 Rxc4) 18... Nd6 19. Bd3 O-O) ({RR} 17... Qa4 18. Qxa4 Bxa4 19. Rac1) 18. Qxb6 ({RR} 18. Qd3) 18... axb6 19. Ne5 Ba4 ({RR} 19... Bd6 20. Nxd7 Kxd7) 20. Rac1 ({RR} 20. b3 Bd6 21. Ndf3 ({RR} 21. Nxf7 Kxf7 22. bxa4 Bxh2 23. Rg2 Bd6) 21... b5 22. Bxe6 fxe6 23. bxa4 bxa4 24. Rab1 O-O ({RR} 24... Bxa3 25. Rxb7) 25. g5 hxg5 ({RR} 25... Ne4 26. gxh6 Nc3+ 27. Ke1 Rc7 28. Rc1) 26. Rxb7) 20... Bd6 21. Ndf3 ({RR} 21. Bxe6 Rxc1 22. Rxc1 ({RR} 22. Bxf7+ Kd8 23. Rxc1 Bxe5) 22... Bxe5 23. Rc8+ Ke7 24. Rxh8 Kxe6) 21... Ke7 22. h4 ({RR} 22. h3) 22... Rhd8 ({RR} 22... h5 23. g5 Ng4) 23. g5 ({RR} 23. b3 Bc6 24. a4) 23... Nd7 ({RR} 23... hxg5 24. Nxf7 ({RR} 24. hxg5 Ne4 25. b3 ({RR} 25. g6 Bxe5 26. Nxe5 Rd2+ 27. Ke1 ({RR} 27. Kf3 f5) 27... Rd5 28. Nxf7 b5) 25... Be8 26. a4 Ba3 27. Rc2 b5 28. axb5 Bxb5 29. Rg4 Nd6) ({RR} 24. Rxg5 g6) 24... Kxf7 25. Nxg5+ Ke7 26. Nxe6 Rxc4 27. Rxc4 Bb5 28. Nxd8 Bxc4+ 29. Kd1 Kxd8 30. Rxg7 Bd5) 24. Nxd7 Rxd7 25. Bd3 ({RR} 25. gxh6 gxh6 26. Bd3) 25... Rdc7 26. Rxc7+ Rxc7 27. Nd4 ({RR} 27. gxh6 gxh6 28. Rg7 Rc1 29. Rh7 Rh1 30. Bg6 Bb5+ 31. Kd2 Be8) 27... Be5 {Bacrot,E (2545)-Kortschnoj,V (2610) Albert 1997 CBM 061 [Kortschnoj,Viktor Lvovich] 0-1 (54)} ({RR} 27... hxg5 28. hxg5 Be5 29. Rg4 ({RR} 29. Rh1) 29... Bc6) ({RR} 27... Bc6 28. gxh6 gxh6 29. Rg7)) ({RR} 13. Rhd1) 13... Bd7 14. Qc3 Qxc3 15. Rxc3 Nc6 16. a3 f5 17. Ned2 Bf6 18. Rc2 Ke7 19. Nb3 Rhd8 20. Nc5 Bc8 21. Rac1 Na5 22. Bb5 a6 23. Bd3 b6 24. b4 bxc5 25. bxa5 e5 26. Nd2 e4 27. Bc4 Bd7 28. f3 exf3+ 29. Nxf3 Bc6 30. Bd3 Rxd3 31. Kxd3 Be4+ 32. Kc4 Bxc2 33. Rxc2 Ke6 34. Ne1 Bd8 35. Nd3 Bxa5 36. Nxc5+ Ke5 37. Kd3 Ra7 38. Na4 Rd7+ 39. Ke2 Rc7 40. Rc5+ Rxc5 41. Nxc5 Bc7 42. Nxa6 Bd6 43. Nb4 Ke4 44. h3 Bc5 45. Nc2 g6 46. a4 Bb6 47. Nb4 g5 48. Nc6 Bxe3 49. a5 Bc5 50. a6 Kf4 51. Kd3 Kg3 52. Kc4 Bb6 53. Kb5 Be3 54. Kc4 Bb6 55. Kb5 Be3 56. Kc4 Bb6 57. Kb5 1/2-1/2

[Event "Linares 26th"]
[Site "Linares"]
[Date "2009.02.22"]
[Round "4"]
[White "Carlsen, Magnus"]
[Black "Ivanchuk, Vassily"]
[Result "1/2-1/2"]
[WhiteElo "2776"]
[BlackElo "2779"]
[Annotator "ChessBase"]
[PlyCount "67"]
[EventDate "2009.02.19"]
[EventType "tourn"]
[EventRounds "14"]
[EventCountry "ESP"]
[EventCategory "21"]
[SourceTitle "CBM 129"]
[Source "ChessBase"]
[SourceDate "2009.03.25"]
[SourceVersion "1"]
[SourceVersionDate "2009.03.25"]
[SourceQuality "1"]

1. d4 Nf6 2. c4 g6 3. Nc3 d5 4. Qb3 dxc4 5. Qxc4 Be6 6. Qb5+ Bd7 7. Qb3 c5 8. dxc5 Bg7 9. e4 Nc6 10. Nf3 Qa5 11. Bc4 O-O 12. O-O Qxc5 13. Be3 Qh5 14. Be2 Qa5 15. Rfd1 $146 ({RR} 15. h3 Rac8 16. Rfd1 Rfd8 17. Nd2 Qc7 18. Qa3 a6 19. Na4 Re8 20. Rac1 Bf8 21. Nb6 Rcd8 22. Nd5 Qb8 23. Bb6 Rc8 24. Nxf6+ exf6 25. Qf3 f5 26. exf5 Bxf5 27. g4 Ne5 28. Qf4 Bd3 29. Bxd3 Nxd3 {Okcular,A-Apro,A (2135) Szeged 1994 ½-½ (58)}) 15... Rfd8 {#} 16. Nd5 {Perhaps a little too aggressive.} ({After} 16. h3 Rac8 17. Rac1 {White keeps a plus.}) 16... Nxd5 (16... Nxe4 17. Qxb7 Rab8 18. Nxe7+ $1 Nxe7 19. Qxe4 {is slightly better for White}) 17. exd5 Ne5 18. a4 Ng4 19. Bd4 Bxd4 20. Rxd4 Qb6 21. Qc3 (21. Qxb6 axb6 22. Nd2 Nf6 23. Ne4 Nxe4 24. Rxe4 Kf8 25. Rb4 Ra5 26. Rxb6 Rxa4 27. Rxa4 Bxa4 28. Rxb7 Rxd5 $11) 21... Rac8 22. Bc4 e5 $1 23. dxe6 Bxe6 24. a5 {#} (24. Rxd8+ Rxd8 25. Bxe6 Qxf2+ 26. Kh1 fxe6 {favours Black}) 24... Qxd4 25. Nxd4 Rxc4 26. Nxe6 {The only move} Rxc3 27. Nxd8 Rb3 (27... Rc7 $5) 28. h3 Ne5 29. Re1 Nc6 30. Nxc6 bxc6 31. Re7 Rxb2 32. Rxa7 Ra2 33. Rc7 Rxa5 34. Rxc6 1/2-1/2

[Event "Linares 26th"]
[Site "Linares"]
[Date "2009.02.25"]
[Round "6"]
[White "Carlsen, Magnus"]
[Black "Anand, Viswanathan"]
[Result "1-0"]
[WhiteElo "2776"]
[BlackElo "2791"]
[Annotator "Krasenkow,Michal"]
[PlyCount "153"]
[EventDate "2009.02.19"]
[EventType "tourn"]
[EventRounds "14"]
[EventCountry "ESP"]
[EventCategory "21"]
[SourceTitle "CBM 129"]
[Source "ChessBase"]
[SourceDate "2009.03.25"]
[SourceVersion "1"]
[SourceVersionDate "2009.03.25"]
[SourceQuality "1"]

1. d4 {Marin,Mihail} d5 2. c4 c6 3. Nc3 Nf6 4. e3 e6 5. Nf3 Nbd7 6. Qc2 Bd6 7. g4 Nxg4 8. Rg1 Qf6 9. Rxg4 Qxf3 10. Rxg7 Nf6 11. h3 {This move (keeping the h2 pawn and preventing ...f6-g4) was played by Aronian against Morozevich (see CBM 117, with GM M.Marin's annotations). Below you will see other practical examples.} (11. Rg5 {is the main theoretical line - see my survey in CBM 127.}) ({RR} 11. Bg2 Qh5 12. e4 dxe4 13. Bg5 Bf8 14. Bxf6 Bxg7 15. Bxg7 Rg8 16. Nxe4 Qa5+ 17. Kf1 Rxg7 18. Qc1 Qd8 19. Qf4 Kf8 20. Qe5 Rg6 21. Qh8+ Ke7 22. Qxh7 Qg8 23. Qh4+ f6 24. Bf3 e5 25. b3 exd4 {Carlsen,M (2385)-Gretarsson,H (2513) Rethymno 2003 1-0 (32)}) 11... Qf5 $6 $146 {Hardly a good novelty. In the endgame White keeps a small but clear edge due to his better pawn structure.} (11... e5 $6 12. dxe5 Bxe5 13. Rg5 $1 {[%cal Rg5e5,Rf1g2]} Nd7 14. cxd5 cxd5 15. Rf5 (15. Bd2 d4 16. Bg2 Qf6 17. exd4 Bxd4 18. O-O-O $16 {1-0 Chytilek,R (2320)-Franta,J/Litomysl 1996/EXT 1998 (25)}) 15... Qh1 16. Bd2 d4 17. exd4 Bxd4 18. O-O-O O-O 19. Bh6 Re8 20. Rg5+ Kh8 21. Rxd4 Qxf1+ 22. Rd1 Re1 23. Bg7+ Kg8 24. Be5+ {1-0 Tisdall,J (2492)-Sidselrud,S (2150)/Norway 2002/EXT 2003}) (11... h6 $5 {, preventing g7-g5, looks quite good for Black:} 12. Bd2 (12. Qe2 $5 Qxe2+ (12... Qf5 $5) 13. Bxe2 Kf8 14. Rg1 dxc4 15. e4 Bb4 16. f3 b5 17. Kf2 a6 18. Bf4 Bb7 19. Rac1 Nd7 20. b3 cxb3 21. axb3 $44 {1-0 Le Quang,L (2542)-Neelotpal,D (2485)/Cebu City 2007/CBM 120 ext (38)}) 12... e5 (12... Bd7 13. Qb3 Ke7 14. c5 Bc7 15. Qxb7 $14 {1-0 Le Quang,L (2583)-Garnelis,J (2188)/Vung Tau 2008/EXT 2009 (37)}) 13. Rg3 (13. cxd5 exd4 14. exd4 Kf8 15. Rg1 Bf5 16. Qb3 Re8+ 17. Be3 Rg8 $132 {1/2 Siebrecht,S (2451)-Haba,P (2546)/Kallithea 2008/CBM 127 (37)}) 13... Qh5 14. cxd5 exd4 15. Ne4 Nxe4 16. Qxe4+ Qe5 17. Qxe5+ Bxe5 18. Rf3 cxd5 19. Bb5+ Ke7 20. exd4 Bd6 ({RR} 20... Bxd4 21. Bb4+ Ke6 22. O-O-O) 21. Kf1 Be6 $11 {1/2 Aronian,L (2744)-Morozevich,A (2741)/Morelia/Linares 2007/CBM 117/[Marin,M] (29)}) (11... Kf8 $5 12. Rg5 (12. Rg1 $143 Rg8 13. Rxg8+ Kxg8 14. Bd2 dxc4 15. Bxc4 e5 16. dxe5 Bxe5 17. Bf1 Bf5 $17 {0-1 Splichal,S (2167)-Michenka,J (2351)/Karvina 2003/EXT 2005 (41)}) 12... Qh1 {needs testing}) ({RR} 11... h6 12. Bd2 e5 13. Rg3 Qh5 14. cxd5 exd4 15. Ne4 Nxe4 16. Qxe4+ Qe5 17. Qxe5+ Bxe5 18. Rf3 cxd5 19. Bb5+ Ke7 20. exd4 Bd6 21. Kf1 Be6 22. Re1 Rac8 23. Bd3 Rc6 24. Rf5 Rb6 25. b3 Bb4 26. Bxb4+ {Aronian,L (2744)-Morozevich,A (2741) Morelia/Linares 2007 CBM 117 [Marin,Mihail] ½-½}) ({RR} 11... e5 12. dxe5 Bxe5 13. Rg5 Nd7 14. cxd5 cxd5 15. Rf5) ({RR} 11... Bd7 12. Bd2 Ne4 13. Nxe4 Qxe4 14. Qxe4 dxe4 15. Bg2 f5 16. f3 exf3 17. Bxf3 O-O-O 18. Ke2 e5 19. c5 Bc7 20. Rag1 Be6 21. Re7 Bc4+ 22. Kf2 exd4 23. exd4 Rhg8 24. Rgg7 Rxg7 25. Rxg7 Rxd4 26. Be3 {Salonen,A (2233)-Li Xueyi (2236) chess.com INT 2025 1-0 (41)}) 12. Qxf5 exf5 13. cxd5 cxd5 $146 (13... Nxd5 $5 14. Nxd5 cxd5 15. Bd2 $14) ({RR} 13... Nxd5 14. Nxd5 cxd5 15. Bd2 Ke7 16. Rc1 Be6 17. h4 h6 18. Bd3 Rag8 19. Rxg8 Rxg8 20. Ke2 Rg4 21. Rh1 Rg8 22. Kf1 Kf6 23. Be2 Rc8 24. Bc3 f4 25. Bf3 b5 26. Ke2 b4 27. Bd2 Rc2 28. e4 {Sadhwani,R (2555)-Nihal,S (2620) Chess.com INT 2021 0-1 (32)}) ({RR} 13... Nxd5 14. Nxd5 cxd5 15. Bd2 Ke7 16. Rc1 Be6 17. h4 h6 18. Bd3 Rag8 19. Rxg8 Rxg8 20. Ke2 Rg4 21. Rh1 Rg8 22. Kf1 Kf6 23. Be2 Rc8 24. Bc3 f4 25. Bf3 b5 26. Ke2 b4 27. Bd2 Rc2 28. e4 {Sadhwani,R (2555)-Nihal,S (2620) Chess.com INT 2021 0-1 (32)}) 14. Nb5 Bb4+ 15. Bd2 Bxd2+ 16. Kxd2 Ke7 17. Bd3 Be6 (17... Bd7 $5) 18. Nc7 $5 {A good idea - to exchange the theoretically "bad" e6 bishop, in fact, the main defender of the black pawns, using the opportunity that Black can't recapture with his f7 pawn.} Rag8 19. Nxe6 Kxe6 20. Rxg8 Nxg8 $6 {[%mdl 4096] Too "subtle".} ({Any beginner would play the simple} 20... Rxg8 {, and he would be right:} 21. Rc1 Rg2 22. Ke2 Rh2 23. Kf3 $1 (23. Rc7 Rxh3 24. Rxb7 Rh2 {[%cal Rf6g4]}) 23... Rxh3+ 24. Kg2 Rh5 25. Rc7 Rg5+ 26. Kf3 Ng4 {[%cal Rg4h2] - Black's counterplay must be strong enough to survive.}) 21. Ke2 (21. Rc1 Ne7 22. Rc7 Rb8 {[%cal Ye6d6]}) 21... Ne7 22. Kf3 $1 (22. Rc1 Rc8 23. Rxc8 Nxc8 24. Kf3 {was probably insufficient for the victory. GM M.Carlsen decides to keep rooks on the board.}) 22... Rc8 23. a4 $1 Rc7 24. a5 h6 25. h4 Kf6 26. h5 Nc8 27. Kf4 Nd6 28. Rg1 Rc8 29. f3 Ke6 {Black is completely passive.} 30. Rg7 Rh8 31. Bc2 $1 {The "two weaknesses", attacked by the stronger side, should be as far from each other as possible, then it is more difficult for the defender to hold both; therefore - h6 and d5, rather than f5.} Rc8 32. Bb3 Rh8 33. Rg1 Rc8 34. Rg7 Rh8 35. Rg2 Rc8 36. Rg1 $22 {The black knight must prevent e3-e4, the rook can't leave the 8th rank in view of g8-h8, and if it leaves the c-file, White plays c1 threatening c5 and c7; finally, pawn moves create new weaknesses.} Ne8 $1 {The lesser evil.} (36... Rb8 37. Rc1 Rc8 38. Rc5 $1 Rxc5 39. dxc5 Nc4 40. e4 fxe4 41. Bxc4 dxc4 42. Kxe4 $18) (36... Nc4 37. Bxc4 dxc4 (37... Rxc4 38. Rg7) 38. Ra1 {[%cal Ya1a4,Ya4b4]}) (36... b6 37. axb6 axb6 38. Ra1 $16) 37. e4 fxe4 38. fxe4 Nf6 39. e5 $1 Ne4 $1 (39... Nxh5+ 40. Ke3 {[%cal Rg1h1]}) ({The endgame after} 39... Rg8 40. Rxg8 Nxg8 {is very difficult for Black:} 41. Bd1 Ne7 42. Bg4+ f5 43. Bh3 $22 b6 (43... Nc6 44. Bxf5+ Ke7 45. Bc8 Nxa5 46. Kf5) 44. a6 b5 45. Bf1 b4 (45... Nc6 46. Bxb5 Nxd4 47. Bd3 $22 $16) 46. Bd3 Nc6 47. Bxf5+ Ke7 48. Ke3 {and White should gradually win.}) 40. Ke3 b6 $6 {Black unnecessarily opens up the a-file for his opponent. "Don't move pawns on the side where you are weaker!"} (40... Ng5 $142 $14 41. Rf1 $140 Ne4) 41. axb6 axb6 42. Kd3 (42. Bd1 $5 Rc4 (42... Ra8 43. Bc2 Ng5 44. Rf1) 43. Bg4+ $1 (43. Rg8 Rb4 $132) 43... f5 (43... Ke7 44. Bf3 Rb4 45. Bxe4 dxe4 46. Rg2 $16) 44. exf6+ Kxf6 45. Bf3 {[%cal Rg1g6]} Kf5 46. Bxe4+ dxe4 47. Rf1+ Ke6 48. Kxe4 Rc2 49. d5+ Ke7 50. b4 {with a promising rook ending.}) 42... Nf2+ 43. Ke2 Ne4 44. Ke3 f6 $6 (44... Ng5 $5 {was still possible although White could now invade along the a-file:} 45. Ra1 f6 $1 46. exf6 Ne4 47. f7 $1 Rf8 48. Ra6 Rxf7 49. Rxb6+ Nd6 {with good drawing chances (S.Zagrebelny).}) 45. Rg6 Rc1 46. Rxh6 $2 (46. exf6 $1 Re1+ 47. Kd3 Nxf6 48. Bxd5+ Kf5 (48... Kxd5 49. Rxf6 b5 50. Rb6 $18) 49. Bf3 {(I.Ganiev)} Rb1 50. Kc3 (50. Kc2 $143 Rf1 51. Be2 Rf2) 50... Re1 51. Kc4 {and White should gradually win}) 46... Rh1 47. Bc2 Rh3+ $2 {Obvious but wrong!} (47... Re1+ $1 48. Kd3 (48. Kf4 Rf1+ 49. Kg4 Rg1+) 48... Rh1 {and White can't make any progress (S.Zagrebelny).}) 48. Kf4 $1 Rh4+ 49. Kf3 {When a rook and a knight are jumping around your king, you must sometimes display real acrobacy!} Nd2+ 50. Ke2 $2 {This move seriously complicates White's task.} (50. Kg3 $142 $1 Rxd4 51. Rxf6+ Kxe5 52. Rf5+ Ke6 53. h6 Rc4 (53... Ne4+ 54. Bxe4 dxe4 55. h7 Rd8 56. Rh5 Rh8 57. Kf4 $18) 54. h7 Rxc2 55. Re5+ $1 (55. Rf8 $143 Ne4+ 56. Kg4 Rh2 57. h8=Q Rxh8 58. Rxh8 Kd6) (55. h8=Q $143 Ne4+ $1 56. Kf4 Rf2+ 57. Ke3 Kxf5) 55... Kxe5 56. h8=Q+ Kd6 57. Qf8+ Kc7 58. Qf7+ Kb8 59. Qxd5 Nf1+ 60. Kh4 {- with his pieces scattered all over the board, Black can't organize successful defence.}) 50... Rh2+ 51. Kd1 Nc4 52. Rxf6+ Ke7 53. Bg6 Rd2+ 54. Kc1 (54. Ke1 $5 Rxd4 55. h6 Rh4 (55... Nxe5 $143 56. Rxb6 Rh4 (56... Nxg6 57. Rxg6 Rh4 58. Rb6) 57. Bf5) 56. Bf5 d4 57. Re6+ (57. Rc6 d3 $1) 57... Kf7 58. b3 Ne3 59. Rf6+ Ke7 60. Bc8 Rh2 61. Rd6 $16) 54... Rxd4 55. b3 $1 (55. h6 Rh4 56. Bf5 {is now impossible due to} Rh1+ 57. Kc2 Ne3+ 58. Kd3 Nxf5 59. Rxf5 Rxh6 $11) 55... Nxe5 56. Rxb6 Rh4 ({The rook endgame after} 56... Nxg6 57. hxg6 {should be winning for White.}) 57. Bf5 $1 Nf3 $2 (57... Rh1+ 58. Kc2 (58. Kd2 Nc4+ $3 59. bxc4 Rxh5 $11 {S.Zagrebelny}) 58... Nf3 {[%cal Rf3d4]} 59. Bg4 ({or} 59. Rb7+ Kf6 60. Bg6 Ne5) 59... Rh2+ 60. Kc3 Ng5 {and White can hardly win.}) 58. h6 $1 {The pawn finally moves forward!} Nd4 59. h7 $1 Nxf5 60. Rb8 Nd4 61. Kb2 $1 Kd6 62. h8=Q Rxh8 63. Rxh8 {This is a technically winning endgame but some work still has to be done.} Kc5 64. Rh5 Nc6 65. Rh4 Nb4 66. Ka3 {White must disorganise Black's defence. First, he forces the advance of the black d-pawn, then he must try to push his own pawn at an appropriate moment.} d4 (66... Nc2+ 67. Ka4 d4 68. Rh5+) 67. Rh5+ Nd5 68. Kb2 Kc6 69. Ka3 Kc5 70. Rh4 Nb4 71. Rh8 Nc6 $2 {This makes White's task much easier.} (71... Nd5 72. Rd8 $1 $18 {[%cal Ya3b2]}) (71... Nc2+ $142 72. Kb2 Nb4 73. Rc8+ Nc6 ({or} 73... Kd5 74. Ka3) 74. Ka3 Kd5 {It is still difficult for White to reach victory; e.g.} 75. b4 $2 ({first he must play} 75. Rc7 Kd6 76. Rh7 {etc.}) {is premature and leads to a draw after} 75... d3 76. Rh8 d2 77. Rh1 Kc4) 72. Rh5+ Kd6 73. b4 {Now, with the black king cut off, everything is over.} d3 (73... Ne5 74. Kb3 Kd5 75. b5 $18) 74. Rh3 Ne5 75. Kb3 d2 76. Kc2 Nc6 77. Rh4 1-0